000 00569nam a2200193Ia 4500
008 131103s9999 xx 000 0 und d
040 _aLoreto College
041 _aEnglish
082 _a822.33/SHA
_b#NAME?
100 _aHalliday, F.E.
245 _aA. Shakespeare companion(1550-1950)
_cF.E.Halliday
260 _aLondon
_bGerald duckworth & co.
_c1952
300 _a742p.
_b ill.
_c 22cm.
504 _aIncludes Index and bibliography
650 _aShakespeare,William - Criticism
651 _aEnglish Drama
850 _aLCLIB/822.33/SHA - HAL
942 _cBK
999 _c22041
_d72520